Kernel functions and elliptic differential equations in mathematical physics (Record no. 2866)

MARC details
000 -LEADER
fixed length control field 00740nam a2200217Ia 4500
003 - CONTROL NUMBER IDENTIFIER
control field IN-BaIIA
008 - FIXED-LENGTH DATA ELEMENTS--GENERAL INFORMATION
fixed length control field 211028s9999 xx 000 0 eng d
040 ## - CATALOGING SOURCE
Transcribing agency IIA Library
080 ## - UNIVERSAL DECIMAL CLASSIFICATION NUMBER
Universal Decimal Classification number 517.91
Item number BER
100 ## - MAIN ENTRY--PERSONAL NAME
Personal name Bergman, Stefan
9 (RLIN) 5113
245 #0 - TITLE STATEMENT
Title Kernel functions and elliptic differential equations in mathematical physics
Statement of responsibility, etc. Stefan Bergman and M. Schiffer
260 ## - PUBLICATION, DISTRIBUTION, ETC.
Place of publication, distribution, etc. New York
Name of publisher, distributor, etc. Academic Press
Date of publication, distribution, etc. 1953
300 ## - PHYSICAL DESCRIPTION
Extent xiii, 432p.
490 ## - SERIES STATEMENT
Series statement Pure and applied mathematics; v. 4
650 ## - SUBJECT ADDED ENTRY--TOPICAL TERM
Topical term or geographic name entry element Elliptic differential equations
9 (RLIN) 5114
650 ## - SUBJECT ADDED ENTRY--TOPICAL TERM
Topical term or geographic name entry element Kernel functions
9 (RLIN) 5115
650 ## - SUBJECT ADDED ENTRY--TOPICAL TERM
Topical term or geographic name entry element NASA Thesaurus
650 ## - SUBJECT ADDED ENTRY--TOPICAL TERM
Topical term or geographic name entry element Partial differential equations
700 ## - ADDED ENTRY--PERSONAL NAME
Personal name Schiffer, M.
9 (RLIN) 5116
942 ## - ADDED ENTRY ELEMENTS (KOHA)
Koha item type Books
Holdings
Withdrawn status Lost status Damaged status Not for loan Home library Current library Shelving location Date acquired Cost, normal purchase price Total Checkouts Full call number Barcode Date last seen Cost, replacement price Price effective from Koha item type Purchase Price
        IIA Library-Bangalore IIA Library-Bangalore General Stacks 30/03/1967 86.40   517.91/ BER 3190 05/11/2021 86.40 30/03/1967 Books Rs. 86.40

Powered by Koha